000 00879nas a2200265 4500
001 BR0200986
003 BR-BrBNA
005 20231205102746.0
007 ta
008 230509b bl.|||p| |||| 00| 00por d
040 _aBR-BrBNA
_bpor
_cBiblioteca Nacional de Agricultura
041 _a(Pt)
072 _aH20
100 1 _aCarmo, M.G.F. do
100 1 _aMacagnan, D.
100 1 _aCarvalho, A. de O. de
245 1 _aProgresso da mancha-bacteriana do pimentão a partir de diferentes níveis iniciais de inóculo e do emprego ou não do controle com oxicloreto de cobre
650 _aPIMENTÃO
650 _aMANCHA BACTERIANA
650 _aCONTROLE QUÍMICO
650 _aEPIDEMIOLOGIA
773 0 _tHorticultura Brasileira (Brazil)
_xISSN 0102-0536
_g(Nov 2001), v. 19(3) p. 342-347
_wBR0200986
909 _a202311
_bLúcia
_c55
_dLúcia Elande
942 _2AGRIS
_n0
_cANA
999 _c169180
_d169180